=LDR 00000nam 2200000 4500 =001 000899 =005 20250712121227 =035 ##$$a 0010-0725000777 =007 ta =008 250712################a##########0#ind## =020 ##$$a 978-623-472-617-6 =082 ##$$a 398.209 598 =084 ##$$a 398.209 598 BHA a =100 #$$a Bhavini =245 1#$$a Apa Kegunaan Benda-Benda Ini /$c Bhavini =250 ##$$a cetakan pertama =260 ##$$a jakarta :$b badan pengembangan dan pembinaan bahasa,$c 2022 =300 ##$$a 32 hlm. : $b ilus. ; $c 22,9 cm$e 398.209 598 =650 #4$$a cerita anak indonesia =856 ##$$a TBM As Suhada =990 ##$$a TBM202400745